00737nam a2200217 a 450000100100000000500170001000800410002702000150006804000250008308200160010810000350012424500480015925000110020726000410021830000210025950000630028070000360034304900090037995201140038899900170050200002261420200930021710.0101014s2001 ag 000 0 spa d a9500718073 aDO-SdBNPbspacBNPHU axxxxbB462a1 aBenedetti, Mariod1920-94451610aAntología poética / :bMario Benedetti. a3a ed. aBuenos Aires :bSudamericana,c2001. a248 p. ;c18 cm. aIncluye datos biográficos del auotr en la contracubierta1 aOrgambide, Pedro,eintr.946534 aBNPD 001050718MOaPDbPDcCTd2010-10-14iLF1l0oxxxx B462ap22614-10r2020-06-25w2020-06-25y1ZNo se presta c22111d22111